000 00639nam a2200217 a 4500
005 20140310183607.0
008 120705s19uu xx 00 eng d
020 _a9789749823972
050 _aRT 55
_b.R266 2007
100 _aRayfield, Sylvia
245 _aNCLEX-RN 101 :
_bhow to pass! /
_cSylvia Rayfield, Loretta Manning.
250 _a6th ed.
260 _aGulf Shores, AL :
_bICAN Pub,
_c2007.
300 _aviii, 231 p. :
_bill. ;
_c25 cm.
500 _aIncludes index and 1 CD
521 _aNUR
650 _aNursing
_xExaminations, questions, etc.
700 _aManning, Loretta
942 _cBK
_2lcc
_kFOR
999 _c25193
_d25193